Представление документа в формате RUSMARC

ПолеНазваниеЗначение
  Тип записи a
  Библиографический уровень m
001 Контрольный номер 45a30e2cabc745fd94aa5cc7076f0727
005 Дата корректировки 20140708132901.4
010 Индекс ISBN __
a ISBN 978-5-459-00453-3
101 Язык документа 0_
a Язык текста rus
102 Страна публикации __
a Страна публикации RU
200 Заглавие и сведения об ответственности 1_
a Заглавие Психология и педагогика
b Общее обозначение материала Текст
e Сведения, относящиеся к заглавию учебник
f Первые сведения об ответственности Н.В. Бордовская, С.И. Розум
210 Выходные данные 1_
a Место издания СПб.
c Издательство Питер
d Дата издания 2013
215 Физическое описание __
a Объем 624 с.
c Иллюстрации/тип воспроизводства ил.
610 Ключевые слова 0_
a Ключевые слова психология и педагогика
686 Индексы других классификаций __
a Классификационный индекс 88
700 Автор _1
a Фамилия Бордовская
b Имя Н.В.
702 Вторичная интеллектуальная ответственность _1
a Фамилия Розум
b Имя С.И.
801 Источник записи _0
a Страна RU
b Организация РУК
g Правила каталогизации PSBO
801 Источник записи _1
a Страна RU
b Организация РУК
g Правила каталогизации PSBO
852 Данные о местонахождении __
i Авторский знак Б 82
j Шифр хранения 88
901 Тип документа __
t Тип документа m
937 Технологическая информация __
a Создатель записи (имя) Ивашова
938 Служебная информация __
a Название организации Ивановский филиал